Arte público e interacción artística (Record no. 62776)
[ view plain ]
| 000 -CABECERA | |
|---|---|
| campo de control de longitud fija | 00539nam a2200181 a 4500 |
| 005 - FECHA Y HORA DE LA ÚLTIMA TRANSACCIÓN | |
| campo de control | 20210219152858.0 |
| 008 - ELEMENTOS DE LONGITUD FIJA--INFORMACIÓN GENERAL | |
| campo de control de longitud fija | 991125n 000 0 spa u |
| 035 ## - NÚMERO DE CONTROL DEL SISTEMA | |
| Número de control de sistema | UPN01000064857 |
| 100 1# - ASIENTO PRINCIPAL--NOMBRE PERSONAL | |
| Nombre de persona | Mendoza, Cristina |
| 222 #0 - TÍTULO CLAVE | |
| Título clave | EDUCACION : REVISTA DEL CONSEJO NACIONAL TECNICO DE LA EDUCACION |
| 245 00 - MENCIÓN DE TÍTULO | |
| Título | Arte público e interacción artística |
| 300 ## - DESCRIPCIÓN FÍSICA | |
| Extensión | 56-59 |
| 362 0# - FECHAS DE PUBLICACIÓN Y/O DESIGNACIÓN SECUENCIAL | |
| Fecha de publicación y/o designación secuencial | 1977 4a época, Vol. 5, no. 26, jul.-ago. |
| 653 0# - TERMINO DE INDIZACION - NO CONTROLADO | |
| Término no controlado | CULTURA POPULAR |
| 653 0# - TERMINO DE INDIZACION - NO CONTROLADO | |
| Término no controlado | LITERATURA MEXICANA |
| 904 ## - ELEMENTOS DE DATOS D LOCAL, LDD (RLIN) | |
| a | AC |
| b | 002668 |
| 905 ## - TIPO DE MATERIAL | |
| Tipo de material | Articulo |
No items available.
